02719cam a2200385 i 450000100090000000300090000900500170001800800410003502000180007603500240009404000710011808200200018924502980020926400680050730000270057533600260060233700280062833800270065649000390068350400510072252010050077365000300177865000350180865000480184365000490189165300250194065500240196570000450198970000390203470000320207390600450210594200120215099900170216295201540217920717296EG-ScBUE20220221105402.0181023s2019 enk f b 001 0 eng d a9781108730228 a(OCoLC)on1080250090 aDLCbengerdacDLCdOCLCOdYDXdOCLCFdERASAdUKMGBdDLCdEG-ScBUE04222a307.76bURB00aUrban climate politics :bagency and empowerment /cedited by Jeroen van der Heijden, Victoria University of Wellington and Australian National University, Harriet Bulkeley, Durham University and Utrecht University, Chiara Certomà€, Ghent University and Sant' Anna School of Advanced Studies. 1aCambridge ;aNew York, NY :bCambridge University Press,c2019. ax, 246 pages ;c25 cm. atextbtxt2rdacontent aunmediatedbn2rdamedia avolumebnc2rdacarrier0 aThe earth system governance series aIncludes bibliographical references and index.8 aSince the 1990s, a burgeoning literature has emerged on the politics and governance of urban climate. It is now evident that urban responses to climate change involve a diverse range of actors as well as forms of agency that cross traditional boundaries, and which have diverse consequences for (dis)empowering different social groups. This book provides an overview of the forms of agency in urban climate politics, discussing the friction and power dynamics between them. Written by renowned scholars, it critically assesses the advantages and limitations of increasing agency in urban climate governance. In doing so, it sheds critical new light on the existing literature, advances the state of knowledge of urban climate governance and discusses ways to accelerate urban climate action. With chapters building on case studies from across the world, it is ideal for scholars and practitioners working in the area of urban climate politics and governance.--cSource other than Library of Congress. 7aUrban climatology.2BUEsh 7aUrban ecology (Biology)2BUEsh 7aUrban policyxEnvironmental aspects.2BUEsh 7aCity planningxEnvironmental aspects.2BUEsh bBUSBOLcFebruary2022 vReading book9342321 aHeijden, Jeroen van der,d1977-eeditor.1 aBulkeley, Harriet,d1972-eeditor.1 aCertomà€, Chiara,eeditor. a7bcbccpccadapd2eepcnf20gy-gencatlg 2ddccBB c29795d29766 00102ddc40708BaccahaMAINbMAINc1STd2022-02-21ePurchaseg875.00h36420l0o307.76 URBp000056155r2025-07-15 00:00:00v1093.75w2022-02-21yBB